Estatísticas para Geografia 4

Clique aqui para jogar o quiz

Estatísticas Gerais

  • Esse quiz foi jogado 44 vezes
  • A pontuação média é 7 de 15

Estatísticas das Respostas

HintResposta% Correto
O que significa esta sigla :PIB?Produto Interno Bruto
88%
Que nome se dá á saída das pessoas do campo para a cidade?Êxodo rural
83%
O que significa esta sigla : IDH?Índice de Desenvolvimento Humano
83%
Que nome se dá á saída de pessoas do seu país de origem para outro?Emigração
68%
Qual o indicador demográfico que se calcula através do número de óbitos ocorridos num determinado território, num determinado intervalo de tempo.?Mortalidade
60%
Qual o indicador demográfico que se calcula através do número de nados-vivos ocorridos num determinado território, num determinado intervalo de tempo?Natalidade
60%
Que nome se dá á saída das pessoas da cidade para o campo?Êxodo urbano
55%
O que significa esta sigla :PNB?Produto Nacional Bruto
55%
Que nome se dá á recolha de informações demográficas, económicas e sociais sobre a totalidade da população de uma área definida?Censo
45%
Qual a ciência que estuda a evolução e a distribuição da população humana?Demografia
40%
Qual o indicador demográfico que se calcula através do número médio de anos que uma pessoa à nascença pode esperar viver?Esperança média de vida
35%
Que nome se dá ao fenómeno de natureza quantitativa que se refere à quantidade de riqueza material produzida pelos sectores de actividade económica?Crescimento económico
3%
Que nome se dá ao fenómeno de natureza qualitativa que resulta da aplicação da riqueza de um país ou região na satisfação das necessidades da população?Desenvolvimento humano
3%
Que nome se dá á saída das pessoas de um continente para o outro?Intercontinentais
0%
Que nome se dá ao movimento de pessoas no mesmo continente?Intra-continentais
0%

Distribuição das Pontuações

Percentil de Números Respondidos

Porcentagem de Pessoas com Cada Pontuação

Sua Pontuação Histórica

Você não jogou esse quiz